| 000 | 00513nam a2200181Ia 4500 | ||
|---|---|---|---|
| 003 | GCL | ||
| 008 | 140319s9999 xx 000 0 ara d | ||
| 040 |
_aGCL / _cGCL |
||
| 082 | 0 | 4 |
_aط _b372.5 _bر م |
| 100 | 1 | _aورشة لويجي روفير | |
| 245 | 1 | 0 |
_aوسائل النقل / _cورشة لويجي روفير |
| 490 |
_aسلسلة هوايات لون معى _v0 |
||
| 650 | 0 | 4 | _aالاطفال |
| 650 | 0 | 4 | _aالنقل |
| 650 | 0 | 4 | _aادب الاطفال |
| 650 | 0 | 4 | _aالتلوين |
| 942 |
_2ddc _cBK |
||
| 999 |
_c51345 _d51345 |
||